Vybrané druhy elektronických odpadov a ich vplyv na životné prostredie

Guardado en:
Detalles Bibliográficos
Autor principal: Zvolenský, Jakub (Autor)
Otros Autores: Blinová, Lenka (Orientador)
Formato: Manuscrito Libro
Lenguaje:eslovaco
Publicado: 2020
Materias:
Acceso en línea:http://is.stuba.sk/zp/portal_zp.pl?podrobnosti=153422
Etiquetas: Agregar Etiqueta
Sin Etiquetas, Sea el primero en etiquetar este registro!

MARC

LEADER 00000ntm a22000003a 4500
001 stuzp74110
003 SK-STU
005 20200718210322.1
007 ta
008 150427s2015----xo-----f-mn---000-0-slo-d
040 |a STU  |b slo 
041 0 |a slo 
100 1 |a Zvolenský, Jakub  |u 065000  |4 aut  |U MTF Materiálovotechnologická fakulta  |T MTF Ústav integrovanej bezpečnosti  |X 88326  |U M5000  |Y 85  |7 88326 
242 0 1 |a Selected types of electronic waste and their impact on environment  |y eng 
245 1 0 |a Vybrané druhy elektronických odpadov a ich vplyv na životné prostredie 
260 |c 2020 
650 4 |a odpad  |2 slo 
650 4 |a elektronický odpad  |2 slo 
650 4 |a mobilný telefón  |2 slo 
650 4 |a electronic waste  |2 eng 
650 4 |a mobile phone  |2 eng 
650 4 |a waste  |2 eng 
700 1 |a Blinová, Lenka  |u 065100  |k Z1  |4 ths  |U MTF Ústav integrovanej bezpečnosti  |T MTF Katedra environmentálneho inžinierstva  |X 34036  |U M5100  |Y 194  |7 A000034036 
856 4 |u http://is.stuba.sk/zp/portal_zp.pl?podrobnosti=153422